Immigration and Demographic Transformation in North-East India (Record no. 4737)
[ view plain ]
| 000 -LEADER | |
|---|---|
| fixed length control field | 00569cam a2200193ua 4500 |
| 001 - CONTROL NUMBER | |
| control field | 5578 |
| 005 - DATE AND TIME OF LATEST TRANSACTION | |
| control field | 20260515113916.0 |
| 008 - FIXED-LENGTH DATA ELEMENTS--GENERAL INFORMATION | |
| fixed length control field | 160812n ii |||gr||||Z||||||eng |
| 020 ## - INTERNATIONAL STANDARD BOOK NUMBER | |
| International Standard Book Number | 978-81-7213-153-1 |
| 040 ## - CATALOGING SOURCE | |
| Transcribing agency | MAIN |
| 041 ## - LANGUAGE CODE | |
| Language code of text/sound track or separate title | eng |
| 082 ## - DEWEY DECIMAL CLASSIFICATION NUMBER | |
| Classification number | 325 |
| 245 ## - TITLE STATEMENT | |
| Title | Immigration and Demographic Transformation in North-East India |
| 260 ## - PUBLICATION, DISTRIBUTION, ETC. | |
| Place of publication, distribution, etc. | Guwahati: |
| Name of publisher, distributor, etc. | Purbanchal Prakash., |
| Date of publication, distribution, etc. | 2012. |
| 653 ## - INDEX TERM--UNCONTROLLED | |
| Uncontrolled term | International migration & colonization |
| 653 ## - INDEX TERM--UNCONTROLLED | |
| Uncontrolled term | Immigration and Demographic Transformation in North-East India |
| 700 ## - ADDED ENTRY--PERSONAL NAME | |
| Personal name | Borah,A.C., |
| Relator term | Editor. |
| 942 ## - ADDED ENTRY ELEMENTS (KOHA) | |
| Koha item type | Books |
| Withdrawn status | Lost status | Damaged status | Not for loan | Home library | Current library | Shelving location | Date acquired | Total checkouts | Full call number | Barcode | Date last seen | Copy number | Price effective from | Koha item type |
|---|---|---|---|---|---|---|---|---|---|---|---|---|---|---|
| Naharkatiya College Library | Naharkatiya College Library | General stacks | 09/19/2020 | 325 | IMM | 20906 | 09/19/2020 | 1 | 09/19/2020 | Books |